| 000 | 00600nam a22002057a 4500 | ||
|---|---|---|---|
| 003 | LK-CoMWRAF | ||
| 005 | 20240212181807.0 | ||
| 008 | 230909b1969 |||||||| |||| 00| 0 eng d | ||
| 040 |
_aLK-CoMWRAF _dLK-CoMWRAF _eLK-CoMWRAF |
||
| 041 | _aeng | ||
| 082 |
_a928 _bFOX |
||
| 100 | _aFox, Levi | ||
| 245 | _aThe Shakespeare book | ||
| 260 |
_aNorwich : _bJarrold & Sons : _bIn association with the Shakespeare Birthplace Trust, _c1969 |
||
| 300 | _aunnumbered pg. | ||
| 650 | _aShakespeare, William, -Biography | ||
| 650 | _aDramatists--16th century | ||
| 650 | _aPoets--16th century | ||
| 942 | _cBK | ||
| 999 |
_c3510 _d3510 |
||